Представление документа в формате MARC21

ПолеНазваниеЗначение
  Тип записи a
  Библиографический уровень m
001 Контрольный номер RU\infra-m\znanium\bibl\2225905
005 Дата корректировки 20260429142111.6
008 Кодируемые данные 250910s2025 RU g rus u
020 Индекс ISBN __
a ISBN 978-5-9729-2288-8
040 Источник каталогиз. __
a Служба первич. каталог. Общество с ограниченной ответственностью «ЗНАНИУМ»
041 Код языка издания __
a Код языка текста rus
044 Код страны публикации __
a Код страны публикации RU
080 Индекс УДК __
a Индекс УДК 674
084 Индекс другой классификации/Индекс ББК __
2 Источник индекса rubbk
a Индекс другой классификации/Индекс ББК 371
084 Индекс другой классификации/Индекс ББК __
2 Источник индекса okso
a Индекс другой классификации/Индекс ББК 35.03.01
084 Индекс другой классификации/Индекс ББК __
2 Источник индекса okso
a Индекс другой классификации/Индекс ББК 35.03.02
100 Автор __
a Автор Ивановский В.П.
q Полное имя Ивановский Владимир Павлович
u Дополнение Воронежский государственный лесотехнический университет имени Г.Ф. Морозова
245 Заглавие __
a Заглавие Теория и конструкция деревообрабатывающего оборудования
b Продолж. заглавия Учебное пособие
c Ответственность Воронежский государственный лесотехнический университет имени Г.Ф. Морозова
250 Сведения об издании __
a Основные сведения об издании 1
260 Выходные данные __
a Место издания Вологда
b Издательство Инфра-Инженерия
c Дата издания 2025
300 Физическое описание __
a Объем 156 с.
520 Аннотация __
a Аннотация Изложены основные положения о параметрах влияющих на обрабатываемость резанием древесины различных пород; представлены основы традиционных и перспективных энергосберегающих технологических процессов в деревообработке описаны вопросы проектирования станков и деревообрабатывающих инструментов изложен раздел по совершенствованию процессов бесстружечного деления (разрезания и штампования) древесины мягких лиственных пород. Для студентов аспирантов научных сотрудников преподавателей лесотехнических вузов а также проектировщиков конструкторов и производственников занимающихся первичной переработкой древесины.
521 Примеч. о цел. назн. __
a Примеч. о целев. назн. ВО - Бакалавриат
650 Тематические рубрики __
a Основная рубрика Промышленность. Энергетика
x Основная подрубрика Деревообрабатывающая промышленность
655 Указ. предметных рубрик (устаревшее) __
a Жанр/ форма (устаревшее) Учебное пособие
856 Электронный адрес документа 4_
a Имя сервера/домена znanium.ru
m Помощь ebs_support@infra-m.ru
n Местонахождение сервера НИЦ ИНФРА-М
u URL https://znanium.ru/catalog/document?id=469521
856 Электронный адрес документа 48
a Имя сервера/домена znanium.ru
d Путь /cover/2225
f Электронное имя 2225905.jpg
q Тип электронного формата image/jpeg
u URL https://znanium.ru/cover/2225/2225905.jpg
911 __
u 0030=https://znanium.ru/catalog/document?id=469521